| 000 | 00561na a2200205 4500 | ||
|---|---|---|---|
| 001 | 19316 | ||
| 003 | MIRAKIL | ||
| 005 | 20181213155102.0 | ||
| 008 | 161213b tu 000 0 | ||
| 040 |
_aMilas _btur _cTR-AnCHP |
||
| 041 | _atur | ||
| 082 |
_a328.33 _bT15 1996 |
||
| 090 | _a328.33 T15 1996 | ||
| 245 |
_aTBMM üyeleri ad defteri _bDönem 20 yasama yılı 1 _cTBMM |
||
| 260 |
_aAnkara _bTBMM _c1996 |
||
| 300 |
_a29 s. _btbl. _c23 sm. |
||
| 650 |
_aTBMM _xÜyeler _yAd listesi, 1996 |
||
| 710 | _aTürkiye Büyük Millet Meclisi | ||
| 942 |
_2ddc _cBKS |
||
| 999 |
_c6277 _d6277 |
||